[Event "Sachsen-ch U16"]
[Site "Sebnitz"]
[Date "2013.04.06"]
[Round "7"]
[White "Wildermuth, Tim"]
[Black "Richter, Leonard"]
[Result "0-1"]
[WhiteElo "1515"]
[BlackElo "2069"]
[PlyCount "52"]
[EventDate "2013.04.02"]
[EventType "swiss"]
[EventRounds "7"]
[EventCountry "GER"]
[SourceTitle "EXT 2014"]
[Source "ChessBase"]
[SourceDate "2013.11.20"]
[SourceVersion "1"]
[SourceVersionDate "2013.11.20"]
[SourceQuality "1"]

1. e4 c5 2. Nf3 d6 3. d4 cxd4 4. Nxd4 Nf6 5. Nc3 a6 6. Be3 e5 7. Nb3 Be6 8. f4 exf4 9. Bxf4 Nc6 10. Qe2 Ne5 11. h3 Be7 12. 0-0-0 Qc7 13. g4 0-0 14. g5 Nfd7 15. Nd5 Bxd5 16. exd5 Rfe8 17. Qg2 Rac8 18. Kb1 Bf8 19. Bd3 Nxd3 20. Rxd3 Ne5 21. Rc3 Nc4 22. Nd2 b5 23. Ne4 Kh8 24. Nf6 Re7 25. Ne4 Rce8 26. Bxd6 Qxd6 0-1

[Event "GER-chT U16"]
[Site "Naumburg"]
[Date "2012.12.28"]
[Round "4"]
[White "Kremer, Moritz"]
[Black "Wildermuth, Tim"]
[Result "1-0"]
[WhiteElo "1725"]
[BlackElo "1601"]
[PlyCount "77"]
[EventDate "2012.12.27"]
[EventType "team-swiss"]
[EventRounds "7"]
[EventCountry "GER"]
[SourceTitle "EXT 2014"]
[Source "ChessBase"]
[SourceDate "2013.11.20"]
[SourceVersion "1"]
[SourceVersionDate "2013.11.20"]
[SourceQuality "1"]
[WhiteTeam "Muelheim Nord"]
[BlackTeam "Leipzig Schachgemeinschaft"]
[WhiteTeamCountry "GER"]
[BlackTeamCountry "GER"]

1. c4 Nf6 2. g3 g6 3. Bg2 Bg7 4. Nc3 0-0 5. d4 d6 6. e3 Nbd7 7. Nge2 c5 8. 0-0 Rb8 9. b3 b6 10. Bb2 Bb7 11. d5 Bc8 12. Qc2 Ne5 13. h3 Bf5 14. e4 Bc8 15. f4 Ned7 16. Nd1 Ne8 17. Ne3 a6 18. Bxg7 Nxg7 19. g4 b5 20. g5 f5 21. exf5 Nxf5 22. Nxf5 Rxf5 23. h4 Nf8 24. h5 gxh5 25. Ng3 Rf7 26. f5 Rg7 27. Ne4 bxc4 28. bxc4 Rb4 29. f6 Rf7 30. fxe7 Rxf1+ 31. Rxf1 Qxe7 32. Nf6+ Kh8 33. Qc3 Qe5 34. Nxh5 Ng6 35. Re1 Rxc4 36. Rxe5 Nxe5 37. Qb2 Rb4 38. Qf2 Ng6 39. Qf6+ 1-0

[Event "Sachsen-ch U12"]
[Site "Sebnitz"]
[Date "2009.04.17"]
[Round "6"]
[White "Wildermuth, Tim"]
[Black "Storch, Domenic"]
[Result "1/2-1/2"]
[WhiteElo "1168"]
[BlackElo "1121"]
[PlyCount "33"]
[EventDate "2009.04.14"]
[EventType "swiss"]
[EventRounds "7"]
[EventCountry "GER"]
[SourceTitle "EXT 2010"]
[Source "ChessBase"]
[SourceDate "2010.11.25"]
[SourceVersion "1"]
[SourceVersionDate "2010.11.25"]
[SourceQuality "1"]

1. e4 c5 2. Nf3 Nc6 3. d4 cxd4 4. Nxd4 Nf6 5. Nc3 e5 6. Ndb5 d6 7. Bg5 Be7 8. Bxf6 Bxf6 9. Nd5 0-0 10. Be2 Be6 11. Nbc3 Ne7 12. 0-0 Nxd5 13. exd5 Qa5 14. Bc4 Rac8 15. Bb3 Qc5 16. Kh1 Kh8 17. Qd3 1/2-1/2

[Event "Sachsen-ch U12"]
[Site "Sebnitz"]
[Date "2009.04.16"]
[Round "5"]
[White "Thamm, Merlin Jannes"]
[Black "Wildermuth, Tim"]
[Result "1-0"]
[WhiteElo "1257"]
[BlackElo "1168"]
[PlyCount "135"]
[EventDate "2009.04.14"]
[EventType "swiss"]
[EventRounds "7"]
[EventCountry "GER"]
[SourceTitle "EXT 2010"]
[Source "ChessBase"]
[SourceDate "2010.11.25"]
[SourceVersion "1"]
[SourceVersionDate "2010.11.25"]
[SourceQuality "1"]

1. e4 c5 2. Nf3 Nc6 3. d4 cxd4 4. Nxd4 Nf6 5. Nc3 e5 6. Ndb5 d6 7. Nd5 Nxd5 8. exd5 Nb8 9. c4 a6 10. Nc3 Be7 11. Be2 0-0 12. 0-0 Nd7 13. Be3 f5 14. f3 Nf6 15. b4 Bd7 16. Qb3 Qc7 17. Rac1 Rac8 18. Rfd1 f4 19. Bf2 Bf5 20. Na4 e4 21. Bb6 Qd7 22. c5 Kh8 23. Ba5 Bd8 24. Bxd8 Qxd8 25. c6 b5 26. Nb2 Qb6+ 27. Kh1 Rfe8 28. Re1 Qf2 29. Qd1 Re7 30. Rf1 Qe3 31. Re1 exf3 32. Bxf3 Qa7 33. Rxe7 Qxe7 34. a4 Ne4 35. Bxe4 Bxe4 36. axb5 axb5 37. Qg4 Bxd5 38. Qxc8+ Bg8 39. c7 Qe3 40. Qxg8+ Kxg8 41. c8Q+ Kf7 42. Qd7+ Kg6 43. Qxd6+ Kh5 44. Qc5+ Kg4 45. Qxe3 fxe3 46. Kg1 Kf4 47. Kf1 Ke4 48. Rd1 Kf4 49. Ke2 Ke4 50. g3 g6 51. Rd3 g5 52. Nd1 h6 53. Nxe3 g4 54. Nxg4 h5 55. Nf2+ Kf5 56. Rd4 Ke5 57. Ke3 Kf5 58. Re4 h4 59. gxh4 Kg6 60. Re5 Kh7 61. Re6 Kg7 62. Kf4 Kf7 63. Kf5 Kg7 64. Rf6 Kh7 65. Rg6 Kh8 66. Kf6 Kh7 67. Kf7 Kh8 68. Rh6# 1-0

[Event "Sachsen-ch U12"]
[Site "Sebnitz"]
[Date "2009.04.14"]
[Round "1"]
[White "Nobis, Philipp"]
[Black "Wildermuth, Tim"]
[Result "1-0"]
[WhiteElo "1447"]
[BlackElo "1168"]
[PlyCount "87"]
[EventDate "2009.04.14"]
[EventType "swiss"]
[EventRounds "7"]
[EventCountry "GER"]
[SourceTitle "EXT 2010"]
[Source "ChessBase"]
[SourceDate "2010.11.25"]
[SourceVersion "1"]
[SourceVersionDate "2010.11.25"]
[SourceQuality "1"]

1. e4 c5 2. Nf3 Nc6 3. d4 cxd4 4. Nxd4 Nf6 5. Nc3 e5 6. Nf3 Bb4 7. Bc4 Bxc3+ 8. bxc3 Nxe4 9. Qd5 0-0 10. Qxe4 Qa5 11. Bd2 d5 12. Qxd5 Qc7 13. Qe4 b6 14. 0-0 Bb7 15. Bd5 Na5 16. Bxb7 Nxb7 17. Qxe5 Qc6 18. Qg3 Nc5 19. Nd4 Qg6 20. Bf4 Qf6 21. Be5 Qh6 22. Nf5 Qg6 23. Ne7+ Kh8 24. Nxg6+ hxg6 25. Bd6 Ne4 26. Qh4+ Kg8 27. Qxe4 Rfe8 28. Qf3 Rad8 29. Rfe1 a6 30. Qc6 Rf8 31. Bxf8 Rxf8 32. Qxb6 g5 33. c4 Rc8 34. c5 a5 35. c6 a4 36. Qb7 Rf8 37. c7 Kh7 38. Qc6 Rc8 39. Re8 Rxe8 40. Qxe8 a3 41. c8Q g4 42. Qe4+ g6 43. Qf8 f5 44. Qee7# 1-0